Entry Nombre personal
001 - NÚMERO DE CONTROL
- campo de control: 37194
003 - IDENTIFICADOR DE NÚMERO DE CONTROL
- campo de control: SpMaBN
005 - FECHA Y HORA DE LA ÚLTIMA TRANSACCIÓN
- campo de control: 20231204171111.0
008 - ELEMENTOS DE DATO DE LONGITUD-FIJA
- campo de control de longitud fija: 901120nn aijnnaabn n aaa
016 ## - NÚMERO DE CONTROL DE UNA AGENCIA BIBLIOGRÁFICA NACIONAL
- Número de control del registro: BNE19900039732
024 7# - IDENTIFICADOR DE OTROS ESTÁNDARES
- Número estándar o código: https://isni.org/isni/0000000059404617
- Fuente: isni
024 7# - IDENTIFICADOR DE OTROS ESTÁNDARES
- Número estándar o código: http://viaf.org/viaf/1967933/
- Fuente: viaf
040 ## - FUENTE DE CATALOGACIÓN
- Centro catalogador/agencia de origen: SpMaBN
- Lengua de catalogación: spa
- Centro/agencia transcriptor: SpMaBN
- Normas de descripción: rdc
- Convención/Normas de encabezamiento de materia/tesauro: embne
046 ## - FECHAS CON CODIFICACIÓN ESPECIAL
- Fecha de nacimiento: 1886
- Fecha de la muerte: 1965
100 1# - ENCABEZAMIENTO-NOMBRE DE PERSONA
- Nombre de persona: Cavestany, Pablo,
- Fechas asociadas al nombre: 1886-1965
370 ## - LUGAR ASOCIADO
- Lugar de nacimiento: España, Madrid (Comunidad Autónoma), Madrid
370 ## - LUGAR ASOCIADO
- Lugar de fallecimiento: España, Cataluña, Barcelona (Provincia), Barcelona
373 ## - GRUPO ASOCIADO
- Grupo asociado: Ateneo de Madrid
- Fuente de información: Listado de socios anteriores a 1 de abril de 1939 (Archivo del Ateneo); Ateneo de Madrid: memoria 1962-1967
375 ## - GÉNERO/SEXO
- Género: Masculino
377 ## - IDIOMA ASOCIADO
- Término de lengua/lenguaje: Español
400 1# - TRAZADO DE VÉASE--NOMBRE DE PERSONA
- Nombre de persona: Cavestany de Anduaga, Pablo,
- Fechas asociadas al nombre: 1886 1965
400 1# - TRAZADO DE VÉASE--NOMBRE DE PERSONA
- Nombre de persona: Cavestany y de Anduaga, Pablo,
- Fechas asociadas al nombre: 1886 1965
670 ## - FUENTE DE DATOS ENCONTRADOS
- Cita de la fuente: Madrigales, 1919
- Información encontrada: port. (Pablo Cavestany)
670 ## - FUENTE DE DATOS ENCONTRADOS
- Cita de la fuente: WWW Wikipedia, 27-1-2021
- Información encontrada: (Pablo Cavestany de Anduaga (Madrid, 1886 - Barcelona, 1965) Ingeniero y académico)
- Identificador Uniforme de Recursos: https://ca.wikipedia.org/wiki/Pablo_Cavestany_de_Anduaga
670 ## - FUENTE DE DATOS ENCONTRADOS
- Cita de la fuente: WWW BN España aut., 03/07/2023
- Información encontrada: (Cavestany, Pablo, 1886-1965)
678 ## - DATOS BIOGRÁFICOS O HISTÓRICOS
- Datos biográficos o históricos: Socio del Ateneo de Madrid n. 9799
- Ampliación de la nota: Fuentes: Listado de socios anteriores a 1 de abril de 1939 (Archivo del Ateneo); Ateneo de Madrid: memoria 1962-1967
